000 nam a22 7a 4500
999 _c9526
_d9526
008 180201b ||||| |||| 00| 0 eng d
100 _aBrainwaves R&D Team
_95702
245 _aMS - Word 2000: Interactive guide
260 _aNew Delhi
_bRachna Publication
_c2007